|
|
|
|
| LEADER |
00000nab a2200000 ar4500 |
| 001 |
vtls008625729 |
| 003 |
SK-MaSNL |
| 005 |
20260304032351.0 |
| 008 |
060223c2005 xo |||| | | 000 b|slo |
| 015 |
|
|
|a SNBRB2006/02
|2 snkbucl
|
| 038 |
|
|
|a SNKBUCL
|
| 040 |
|
|
|a SNKBUCL
|b slo
|c SNKBUCL
|e AACR2
|
| 041 |
0 |
|
|a slo
|
| 044 |
|
|
|a xo
|c SK
|
| 080 |
|
|
|a 537.8
|2 1997
|
| 080 |
|
|
|a 628.8:537.8
|2 1997
|
| 080 |
|
|
|a 550.371
|2 1997
|
| 080 |
|
|
|a 613.5
|2 1997
|
| 080 |
|
|
|a 613.168
|2 1997
|
| 100 |
1 |
|
|a Sándor, Attila
|4 aut
|9 27011
|
| 245 |
1 |
0 |
|a Existuje prirodzená elektroklíma, ak áno, načo nám slúži?
|c Attila Sándor
|
| 300 |
|
|
|b Fotogr.
|
| 650 |
0 |
7 |
|a elektroklíma
|2 snkbucl
|9 1313030
|
| 650 |
0 |
7 |
|a elektrické pole
|2 snkbucl
|9 4344
|
| 650 |
0 |
7 |
|a magnetické pole
|2 snkbucl
|9 89417
|
| 650 |
0 |
7 |
|a elektromagnetické pole
|2 snkbucl
|9 3502
|
| 650 |
0 |
7 |
|a vnútorná klíma
|2 snkbucl
|9 1071106
|
| 650 |
0 |
7 |
|a elektromikroklíma
|2 snkbucl
|9 1313031
|
| 650 |
0 |
7 |
|a hygiena bývania
|2 snkbucl
|9 20848
|
| 773 |
0 |
|
|t Vitalita
|g Č. 6 (2005), s. 18-19
|x 1335-9134
|
| 852 |
|
|
|a SNK
|b KIS3GCP
|
| 958 |
|
|
|a ME
|
| 999 |
|
|
|c 2642813
|d 2644743
|